000 01287nam0a22002651 4500
001 rc\2814071
005 20250806210944.0
035 _a(NLR Aleph) 006939861
090 _a38693
_c38693
100 _a20110915d1945 u y0rusy50 ca
101 0 _arus
102 _aRU
105 _aa z |||||
200 1 _aПлиты железобетонные сборные для междуэтажных перекрытий и площадок лестничных клеток
_eНормаль НР-82-44
_e[Утв. 28/VII-1944 г.]
_f[Разработ. трестом "Горстройпроект"]
_gНар. ком. по строит-ву СССР. Техн. упр.
210 _a[Москва]
_cСтройиздат
_d1945
_gтип. № 2 Упр. полиграфии и изд-в Ленгорисполкома
215 _a15 с., без обл.
_cчерт.
_d20 см.
710 0 1 _aСССР
_bНародный ком. по строительству
_bТехническое управление
712 0 2 _a"Горстройпроект", трест (Москва)
801 0 _aRU
_bNLR
_gpsbo
801 1 _aRU
_bELAR
_2rusmarc
852 _aNLR
_jТ80 Г-4/571
942 _cBOOK
945 _aРоссийская национальная библиотека
980 _aNB
980 _aBV